00321pab a2200121 454500008004000000100002400040245004800064260000900112300001200121362000900133650002400142773003300166180718b2001 xxu||||| |||| 00| 0 eng d aColtman, Tim et.al. aE-business: revolution, evolution, or hype? c2001 ap.57-86 aFall aElectronic business aCalifornia Management Review